000 00286nam a22001097a 4500
008 230731b xxu||||| |||| 00| 0 eng d
082 _a354.676
_bCPK 1954
245 _aReport of the Committee on Betting, Gambling and Lotteries
260 _bGOK
_c1954
300 _a118p
942 _2ddc
_cBK
999 _c4019
_d4019